Advanced Engineering Mathematics : (Record no. 15006)
[ view plain ]
| 000 -LEADER | |
|---|---|
| fixed length control field | 01744cam a2200337 a 4500 |
| 001 - CONTROL NUMBER | |
| control field | 14472207 |
| 005 - DATE AND TIME OF LATEST TRANSACTION | |
| control field | 20070703072331.0 |
| 008 - FIXED-LENGTH DATA ELEMENTS--GENERAL INFORMATION | |
| fixed length control field | 060728s2007 maua 001 0 eng |
| 010 ## - LIBRARY OF CONGRESS CONTROL NUMBER | |
| LC control number | 2006024619 |
| 020 ## - INTERNATIONAL STANDARD BOOK NUMBER | |
| International Standard Book Number | 0977858243 (hardcover with cdrom : alk. paper) |
| 020 ## - INTERNATIONAL STANDARD BOOK NUMBER | |
| International Standard Book Number | 9780977858248 |
| 040 ## - CATALOGING SOURCE | |
| Original cataloging agency | DLC |
| Transcribing agency | DLC |
| Modifying agency | DLC |
| 050 00 - LIBRARY OF CONGRESS CALL NUMBER | |
| Classification number | TA345 |
| Item number | .B26 2007 |
| 082 00 - DEWEY DECIMAL CLASSIFICATION NUMBER | |
| Classification number | 620.00151 |
| Edition number | 22 |
| Item number | BAL |
| 100 1# - MAIN ENTRY--PERSONAL NAME | |
| Personal name | Bali, N. |
| 9 (RLIN) | 22558 |
| 245 10 - TITLE STATEMENT | |
| Title | Advanced Engineering Mathematics : |
| Remainder of title | A Computer Approach / |
| Statement of responsibility, etc | N. Bali, M. Goyal, and C. Watkins. |
| 250 ## - EDITION STATEMENT | |
| Edition statement | 7th ed. |
| 260 ## - PUBLICATION, DISTRIBUTION, ETC. (IMPRINT) | |
| Place of publication, distribution, etc | Hingham, Mass. : |
| Name of publisher, distributor, etc | Infinity Science Press, 2007 |
| Date of publication, distribution, etc | 2007. |
| 300 ## - PHYSICAL DESCRIPTION | |
| Extent | xxvi, 1606 p. : |
| Other physical details | ill. ; |
| Dimensions | 25 cm. + |
| Accompanying material | 1 CD-ROM (4 3/4 in.) |
| 500 ## - GENERAL NOTE | |
| General note | Includes index. |
| 650 #0 - SUBJECT ADDED ENTRY--TOPICAL TERM | |
| Topical term or geographic name as entry element | Engineering mathematics |
| General subdivision | Data processing. |
| 9 (RLIN) | 22559 |
| 700 1# - ADDED ENTRY--PERSONAL NAME | |
| Personal name | Goyal, M. |
| 9 (RLIN) | 22560 |
| 700 1# - ADDED ENTRY--PERSONAL NAME | |
| Personal name | Watkins, Christopher. |
| 9 (RLIN) | 22561 |
| 856 41 - ELECTRONIC LOCATION AND ACCESS | |
| Materials specified | Table of contents only |
| Uniform Resource Identifier | <a href="http://www.loc.gov/catdir/toc/ecip0618/2006024619.html">http://www.loc.gov/catdir/toc/ecip0618/2006024619.html</a> |
| 942 ## - ADDED ENTRY ELEMENTS (KOHA) | |
| Source of classification or shelving scheme | Dewey Decimal Classification |
| Item type | Book - Borrowing |
| Withdrawn status | Item status | Source of classification or shelving scheme | Damaged status | Not for loan | Vendor | Home library | Current library | Shelving location | Date acquired | Source of acquisition | Total Checkouts | Total Renewals | Full call number | Barcode | Date last seen | Date last borrowed | Koha item type | Cost, normal purchase price |
|---|---|---|---|---|---|---|---|---|---|---|---|---|---|---|---|---|---|---|
| Dewey Decimal Classification | Baccah | Central Library | Central Library | First floor | 13/03/2011 | 2 | 8 | 620.00151 BAL | 000022945 | 15/07/2025 | 27/11/2019 | Book - Borrowing | ||||||
| Dewey Decimal Classification | Baccah | Central Library | Central Library | First floor | 13/03/2011 | 1 | 11 | 620.00151 BAL | 000022944 | 24/08/2022 | 26/02/2017 | CD | DVD - With book | ||||||
| Dewey Decimal Classification | Baccah | Central Library | Central Library | First floor | 18/04/2011 | 1 | 12 | 620.00151 BAL | 000023289 | 15/07/2025 | 26/02/2017 | Book - Borrowing | 560.00 | |||||
| Dewey Decimal Classification | Baccah | Central Library | Central Library | First floor | 18/04/2011 | 620.00151 BAL | 000023290 | 24/08/2022 | CD | DVD - With book |